00681nam a2200241 a 4500001001300000003000900013005001700022008004100039020001000080082001700090100001800107245002300125260004400148300000900192500003500201505001500236650002300251700001800274902000800292942000700300952011700307999001500424nice12345678IN_TiNIC20260116011952.0050524s1925 newa grp 000 0 urd  ac10000a297.409bALI aAli, M Mahmud aMushahid-E-Sultani aNew YorkbCross Road Publicationsc1925 a162p aincludes index and biblioraphy2 aPeriodical aSufism-Hagiography1 aAli, M Mahmud bSRS cBK 001040708StackRoom-aHMIbHMId2007-07-03g100.00l0o297.409 ALIp06873r2007-07-03v100.00w2005-05-24yBK c5104d5104